书目信息 |
| 题名: |
语言学是什么
|
|
| 作者: | 徐通锵 著 | |
| 分册: | ||
| 出版信息: | 北京 北京大学出版社 2007 |
|
| 页数: | 401页 | |
| 开本: | 21cm | |
| 丛书名: | 《人文社会科学是什么》丛书 | |
| 单 册: | ||
| 中图分类: | H0-49 | |
| 科图分类: | ||
| 主题词: | 语言学--通俗读物 , 语言学 | |
| 电子资源: | ||
| ISBN: | 978-7-301-11193-2 | |
| 000 | 00935oam2 2200289 450 | |
| 001 | 003379609 | |
| 005 | 20091208155428.93 | |
| 010 | @a978-7-301-11193-2@dCNY26.00 | |
| 100 | @a20070305d2007 em y0chiy0110 ea | |
| 101 | 0 | @achi |
| 102 | @aCN@b110000 | |
| 105 | @aa z 000yd | |
| 106 | @ar | |
| 200 | 1 | @a语言学是什么@9yu yan xue shi shi me@f徐通锵著 |
| 210 | @a北京@c北京大学出版社@d2007 | |
| 215 | @a401页@c照片@d21cm | |
| 225 | 0 | @a《人文社会科学是什么》丛书 |
| 312 | @a封面英文题名:What is linguistics | |
| 330 | @a本书主要阐述了作者对语言学基本问题的一些最新看法,并以此为主线,穿插讨论一些相关的问题和语言学的基本知识。 | |
| 461 | 0 | @12001 @a《人文社会科学是什么》丛书 |
| 510 | 1 | @aWhat is linguistics@zeng |
| 606 | 0 | @a语言学@j通俗读物 |
| 606 | 0 | @a语言学 |
| 690 | @aH0-49@v4 | |
| 701 | 0 | @a徐通锵@9xu tong qiang@f(1931.11~2006.11)@4著 |
| 801 | 0 | @aCN@bNLC@c20091208 |
| 905 | @b20794759-61@dH0-49@e182@f3 | |
| 语言学是什么/徐通锵著.-北京:北京大学出版社,2007 |
| 401页:照片;21cm.-(《人文社会科学是什么》丛书) |
| ISBN 978-7-301-11193-2:CNY26.00 |
| 本书主要阐述了作者对语言学基本问题的一些最新看法,并以此为主线,穿插讨论一些相关的问题和语言学的基本知识。 |
| ● |
| 相关链接 |
|
|
|
|
正题名:语言学是什么
索取号:H0-49/182
 
预约/预借
| 序号 | 登录号 | 条形码 | 馆藏地/架位号 | 状态 | 备注 |
| 1 | 794759 | 207947597 | 第二样本阅览室/ [索取号:H0-49/182] | 在馆 | |
| 2 | 794760 | 207947604 | 第四借阅区/ [索取号:H0-49/182] | 在馆 | |
| 3 | 794761 | 207947613 | 第四借阅区/ [索取号:H0-49/182] | 在馆 |